Culture,context and capability (Record no. 981559)

MARC details
000 -LEADER
fixed length control field 00847nam a2200265Ia 4500
003 - CONTROL NUMBER IDENTIFIER
control field OSt
005 - DATE AND TIME OF LATEST TRANSACTION
control field 20221005073710.0
008 - FIXED-LENGTH DATA ELEMENTS--GENERAL INFORMATION
fixed length control field 221004b |||||||| |||| 00| 0 eng d
020 ## - INTERNATIONAL STANDARD BOOK NUMBER
International Standard Book Number 9789382169703 (pbk)
037 ## - SOURCE OF ACQUISITION
Terms of availability Textual
040 ## - CATALOGING SOURCE
Original cataloging agency CRL
Transcribing agency CRL
Language of cataloging eng
041 ## - LANGUAGE CODE
Source of code eng
Language code of text/sound track or separate title eng
100 ## - MAIN ENTRY--PERSONAL NAME
Personal name Ray Ayesha Au.
9 (RLIN) 608226
245 #0 - TITLE STATEMENT
Title Culture,context and capability
Remainder of title American and Indian countrinsurgncy approaches
260 ## - PUBLICATION, DISTRIBUTION, ETC.
Place of publication, distribution, etc. New Delhi
Name of publisher, distributor, etc. Institute for Dafence Studies Analyses India
Date of publication, distribution, etc. 2016
300 ## - PHYSICAL DESCRIPTION
Extent 107p.
Dimensions cm.
650 ## - SUBJECT ADDED ENTRY--TOPICAL TERM
Topical term or geographic name entry element UNITED STATES - FOREIGN RELATIONS
9 (RLIN) 32973
650 ## - SUBJECT ADDED ENTRY--TOPICAL TERM
Topical term or geographic name entry element CULTURE
942 ## - ADDED ENTRY ELEMENTS (KOHA)
Classification part V73:192, Q6
Koha item type Textual
Source of classification or shelving scheme
Holdings
Withdrawn status Lost status Damaged status Not for loan Home library Current library Date acquired Source of acquisition Total Checkouts Full call number Barcode Date last seen Price effective from Koha item type
        Central Library Central Library 2022-10-05 Gift, 22/09/2017,   V73:192 Q6 CL1171497 2022-10-05 2022-10-05 Textual
Copyright @ Delhi University Library System